Basic teachings of the great philosophers (Record no. 1321618)

MARC details
000 -LEADER
fixed length control field 00572nam a2200205Ia 4500
005 - DATE AND TIME OF LATEST TRANSACTION
control field 20260415160322.0
008 - FIXED-LENGTH DATA ELEMENTS--GENERAL INFORMATION
fixed length control field 008 250505s9999 xx 000 0 eng d
037 ## - SOURCE OF ACQUISITION
Stock number Textual
040 ## - CATALOGING SOURCE
Original cataloging agency FEDL
Language of cataloging eng
Transcribing agency FEDL
041 ## - LANGUAGE CODE
Language code of text/sound track or separate title eng
Source of code eng
084 ## - COLON CLASSIFICATION NUMBER
Classification number 100 FRO
Assigning agency FEDL
100 ## - MAIN ENTRY--PERSONAL NAME
Personal name Frost S E
245 #0 - TITLE STATEMENT
Title Basic teachings of the great philosophers
260 ## - PUBLICATION, DISTRIBUTION, ETC.
Place of publication, distribution, etc. New York, USA
Name of publisher, distributor, etc. Barnes and Noble
Date of publication, distribution, etc. 1942
300 ## - PHYSICAL DESCRIPTION
Extent xvii, 314p.
490 ## - SERIES STATEMENT
Series statement Every day handbook
650 ## - SUBJECT ADDED ENTRY--TOPICAL TERM
Topical term or geographic name entry element Philosophy
942 ## - ADDED ENTRY ELEMENTS (KOHA)
Koha item type Textual
Classification part 100 FRO
Holdings
Withdrawn status Lost status Damaged status Not for loan Home library Current library Date acquired Total Checkouts Full call number Barcode Date last seen Price effective from Koha item type
        Department of Education Library Department of Education Library 2025-05-08   100 FRO EL0000242 2025-05-08 2025-05-08 Textual
Copyright @ Delhi University Library System